000 00481nam a22001577a 4500
005 20251108171245.0
008 250721s2000 xx 000 0 ara d
082 1 4 _a001.42/شيخ
100 1 _aالشيخلي، عبد القادر
245 1 0 _aالبحث العلمي بين الحرية و المؤسسية /
264 1 _aعمان :
_bدار مجدلاوي للنشر،
_c2000.
300 _a96ص
650 1 7 _aالبحث العلمي
942 _2ddc
_cBK
999 _c60617
_d60617